• 首页
  • 本馆介绍
  • 公告通知
  • 最新文献
  • 馆藏检索
  • 电子资源
  • 读者导购
  • 参考咨询
  • 我的图书馆
  • 登录
  • 详细信息显示
  • 放入我的书架
  • 预约/预借图书
  • 作者相关作品
  • 分类相关作品
  • 丛书相关作品
  • 出版社相关作品

书目信息

  • 表格格式
  • 工作单格式
  • 卡片格式
题名:
闽在海中 下
    
 
作者: 杨国桢 著
分册:  
出版信息: 南昌   江西高校出版社  2007.04
页数: 235页
开本: 20cm
丛书名: 海洋与中国丛书
单 册:
中图分类: K295.7
科图分类:
主题词: 中国--hai yang kai fa--地方史--历史--福建省 , 中国--地方志
电子资源:
ISBN: 978-7-81033-888-2
000 01145nam 2200301 450
001 CAL 010060038244
005 20100415102443.29
010    @a978-7-81033-888-2@dCNY26.00
100    @a20070320d2007 em y0chiy0121 ea
101 0  @achi
102    @aCN@b360000
105    @ay a 000yy
200 1  @a闽在海中 下@Amin zai hai zhong xia@e追寻福建海洋发展史@f杨国桢著
210    @a南昌@c江西高校出版社@d2007.04
215    @a235页@d20cm
225 2  @a海洋与中国丛书@Ahai yang yu zhong guo cong shu
300    @a“九五”国家重点图书
320    @a有书目
330    @a本书试图从遗存的档案、地志、民间文献、航海针经、宗教仪式中, 追寻福建海洋发展的人文信息, 对近五百年福建海洋发展模式、海洋经济区域和海洋航路的变迁, 内陆参与海洋发展, 航海与移民活动的若干历史场景或个案作了专题性的探究。
410  0 @12001 @a海洋与中国丛书
517 1  @a追寻福建海洋发展史@Azhui xun fu jian hai yang fa zhan shi
606 0  @a中国@Ahai yang kai fa@x地方史@x历史@y福建省
606 0  @a中国@x地方志
690    @aK295.7@v4
701  0 @a杨国桢@Ayang guo zhen@4著
801  0 @aCN@bRENTIAN@c20100415
905   @aBZT@dK295.7@e1-2@f10
906    @dCNY26.00@n0@r1
    
    闽在海中 下:追寻福建海洋发展史/杨国桢著.-南昌:江西高校出版社,2007.04
    235页;20cm.-(海洋与中国丛书)
    “九五”国家重点图书
    
    ISBN 978-7-81033-888-2:CNY26.00
    本书试图从遗存的档案、地志、民间文献、航海针经、宗教仪式中, 追寻福建海洋发展的人文信息, 对近五百年福建海洋发展模式、海洋经济区域和海洋航路的变迁, 内陆参与海洋发展, 航海与移民活动的若干历史场景或个案作了专题性的探究。
●
相关链接 在五车中查询图书 在当当中查询图书 在豆瓣中查询图书


正题名:闽在海中 下     索取号:K295.7/1-2         预约/预借

序号 登录号 条形码 馆藏地/架位号 状态 备注
1 742650   2000742650   中心书库南/020架B面4层3列/ [索取号:K295.7/1-2] 在馆    
2 742651   2000742651   中心书库南/020架B面4层3列/ [索取号:K295.7/1-2] 在馆    
3 742652   2000742652   中心书库南/020架B面4层3列/ [索取号:K295.7/1-2] 在馆    
4 742653   2000742653   中心书库南/020架B面4层3列/ [索取号:K295.7/1-2] 在馆    
5 742654   2000742654   中心书库南/020架B面4层3列/ [索取号:K295.7/1-2] 在馆    
6 742655   2000742655   中心书库南/020架B面4层3列/ [索取号:K295.7/1-2] 在馆    
7 742656   2000742656   中心书库南/020架B面4层3列/ [索取号:K295.7/1-2] 在馆    
8 742657   2000742657   中心书库南/020架B面4层3列/ [索取号:K295.7/1-2] 在馆    
9 742658   2000742658   中心书库南/020架B面4层3列/ [索取号:K295.7/1-2] 在馆    
10 742659   2000742659   中心书库南/020架B面4层3列/ [索取号:K295.7/1-2] 在馆    
山东省滨州职业学院图书馆 欢迎您!
大连网信软件有限公司© 版权所有